00355nam a2200109Ia 4500008004100000020001800041100002000059245006900079260003900148650001400187856004400201171212s9999 xx 000 0 und d a9780874211146 aWilson, William cWilson, WilliamaOn Being HumanbFolklore of Mormon Missionaries bUniversity Press of Coloradoc1981 aSociology uhttp://www.jstor.org/stable/j.ctt4cgkjm